| 000 | 00479nam a2200169 a 4500 | ||
|---|---|---|---|
| 003 | DO-SdBNP | ||
| 005 | 20220712133553.0 | ||
| 007 | ta | ||
| 008 | 190718s1968 000 spa d | ||
| 040 |
_aDO-SdBNP _bspa _cBNPHU |
||
| 082 | 4 | _222 | |
| 245 | 0 | 0 |
_aManual para los afiliados al régimen del IDSS : _blo que deben saber asegurados y patronos |
| 260 |
_aSanto Domingo : _bIDSS, _c1968. |
||
| 300 |
_a32 p. ; _c22 cm. |
||
| 590 | _aInventariado, 2022/BT | ||
| 942 |
_2ddc _cLBS1 |
||
| 999 |
_c48586 _d48586 |
||